01068 a2200217 4500003000500000005001700005010001600022020001500038040000900053082001600062100002500078245008600103250001200189260005300201300002500254505045200279650002900731650003100760650003200791700002700823Nust20230221184945.0 a 94003482 a013309832X cNust00a629.895,PHI1 aPhillips, Charles L.10aDigital control system analysis and design /cCharles L. Phillips, H. Troy Nagle. a3rd ed. aEnglewood Cliffs, N.J. :bPrentice Hall,cc1995. axv, 685 p. ;c25 cm. aIntroduction (Page-1), Discrete Time Systems And The Z-Transform (Page-27), Sampling And Reconstruction (Page-89), Open Loop Discrete Time Systems (Page-131), Closed Loop Systems (Page-173), Stability Analysis Techniques (Page-235), Digital Controller Design (Page-281), Pole Assignment Design And State Estimation (Page-337), Liner Quadratic Optimal Control (Page-382), Digital Filter Structures (Page-465), Finite Wordlength Effects (Page-525).  0aDigital control systems. 0aElectric filters, Digital. 0aIntel 8086 (Microprocessor)1 aNagle, H. Troy,d1942-